[Event "XVI Weekend B"]
[Site "Ceriano Laghetto ITA"]
[Date "2007.03.31"]
[Round "2"]
[White "Milanesi, Erminio"]
[Black "Marcangeli, Alessandro"]
[Result "1-0"]
[WhiteElo "1878"]
[BlackElo "1706"]
[PlyCount "91"]
[EventDate "2007.03.30"]

1. e4 c5 2. d3 Nc6 3. g3 Nf6 4. Bg2 d6 5. Nh3 g6 6. f3 Bg7 7. Nf2 O-O 8. O-O
Bd7 9. c3 Qc8 10. Be3 Rb8 11. Na3 b6 12. Qd2 Re8 13. Rfc1 a6 14. d4 Rb7 15. f4
Rc7 16. d5 Nb8 17. Nc4 b5 18. Nb6 Qb7 19. Nxd7 Nfxd7 20. e5 f5 21. g4 fxg4 22.
Ne4 Qb6 23. e6 Nf6 24. Nxf6+ Bxf6 25. f5 g5 26. Bxg5 Bxg5 27. Qxg5+ Kh8 28.
Qxg4 Rg8 29. Qf3 Rg7 30. f6 exf6 31. Qxf6 Qb7 32. Rf1 Rc8 33. Kh1 a5 34. Be4
Qe7 35. Qxe7 Rxe7 36. Rf5 Rg7 37. Raf1 Re8 38. Rf8+ Rg8 39. Rxe8 Rxe8 40. Rf7
h6 41. Bh7 c4 42. Bg6 Kg8 43. Bh7+ Kh8 44. e7 Nd7 45. Bf5 Kg8 46. Be6 1-0

[Event "XVI Weekend B"]
[Site "Ceriano Laghetto ITA"]
[Date "2007.03.31"]
[Round "2"]
[White "Nardone, Massimo"]
[Black "Colombo, Sandro"]
[Result "0-1"]
[WhiteElo "1914"]
[BlackElo "1854"]
[PlyCount "72"]
[EventDate "2007.03.30"]

1. d4 d5 2. c4 dxc4 3. e3 Nf6 4. Nf3 c5 5. Bxc4 e6 6. O-O a6 7. dxc5 Qxd1 8.
Rxd1 Bxc5 9. a3 b5 10. Be2 Bb7 11. b4 Bb6 12. Bb2 Nbd7 13. Ne5 Rc8 14. Nxd7
Nxd7 15. Nc3 Ke7 16. a4 bxa4 17. Rxa4 Nb8 18. b5 axb5 19. Bxb5 Rhd8 20. Rxd8
Kxd8 21. Rg4 g6 22. Na4 Rc2 23. Bf6+ Kc7 24. Be5+ Kd8 25. Nxb6 Rc1+ 26. Bf1 Ba6
27. Rd4+ Ke8 28. h3 Nc6 29. Ra4 Rxf1+ 30. Kh2 Nxe5 31. f4 Bb7 32. Ra7 Be4 33.
fxe5 Rf2 34. Kg3 Rxg2+ 35. Kf4 Bc6 36. Nc4 g5# 0-1

[Event "XVI Weekend B"]
[Site "Ceriano Laghetto ITA"]
[Date "2007.03.31"]
[Round "2"]
[White "Primerano, Carlo"]
[Black "Viale, Fabio"]
[Result "1-0"]
[WhiteElo "1776"]
[BlackElo "1703"]
[PlyCount "103"]
[EventDate "2007.03.30"]

1. d4 Nf6 2. c4 e6 3. Nf3 Bb4+ 4. Bd2 Qe7 5. a3 Bxd2+ 6. Nbxd2 d6 7. e4 e5 8.
d5 a5 9. Bd3 O-O 10. O-O Bg4 11. Qc2 Na6 12. Rfc1 Nc5 13. b4 Nxd3 14. Qxd3 b6
15. Qe3 Bh5 16. c5 Ng4 17. Qc3 f5 18. cxd6 cxd6 19. Qc7 Qxc7 20. Rxc7 fxe4 21.
Nxe4 Rac8 22. Rac1 Rxc7 23. Rxc7 Rd8 24. h3 Nf6 25. Nxf6+ gxf6 26. Rc6 axb4 27.
axb4 b5 28. Nh4 Bf7 29. Nf5 Kf8 30. Rxd6 Rxd6 31. Nxd6 Bxd5 32. Nxb5 Ke7 33. f3
Kd7 34. Kf2 Kc6 35. Nc3 Be6 36. g4 Kb6 37. h4 f5 38. g5 Bf7 39. Ke3 Kc6 40. Kd3
Kb6 41. Nb1 Bd5 42. Nd2 Kb5 43. Kc3 Bf7 44. Nb1 Bh5 45. Nd2 Bf7 46. Nf1 Bh5 47.
Ng3 Bxf3 48. Nxf5 Bb7 49. Nd6+ Kc6 50. Nxb7 Kxb7 51. Kd3 Kc6 52. Ke4 1-0

[Event "XVI Weekend B"]
[Site "Ceriano Laghetto ITA"]
[Date "2007.03.31"]
[Round "2"]
[White "Ragusa, Luigi"]
[Black "Regorda, Vittorio"]
[Result "0-1"]
[WhiteElo "1780"]
[BlackElo "1891"]
[PlyCount "136"]
[EventDate "2007.03.30"]

1. c4 Nf6 2. Nc3 g6 3. g3 Bg7 4. Bg2 O-O 5. d3 d6 6. e4 e5 7. Nge2 Nc6 8. O-O
Nh5 9. Be3 f5 10. f4 Be6 11. Nd5 Ne7 12. Qd2 c6 13. Ndc3 Qc7 14. b4 Rf7 15. b5
Rc8 16. bxc6 bxc6 17. Rab1 Rcf8 18. Rb2 Bc8 19. Rfb1 Nf6 20. d4 Ng4 21. d5 Nxe3
22. Qxe3 fxe4 23. dxc6 exf4 24. Nxf4 Nf5 25. Qe1 g5 26. Nfd5 Qa5 27. Bxe4 Bd4+
28. Kg2 Be6 29. Bxf5 Bxf5 30. Ne7+ Rxe7 31. Qxe7 Qxc3 32. Qxg5+ Bg6 33. Qd5+
Bf7 34. Qg5+ Bg7 35. Rf2 Qxc4 36. Kg1 Qxc6 37. Rbf1 Qc5 38. Qg4 Bc4 39. Kg2
Bxf1+ 40. Rxf1 Rxf1 41. Kxf1 Qc1+ 42. Kg2 Qc2+ 43. Kg1 Qxa2 44. Qc8+ Bf8 45.
Qg4+ Kf7 46. Qf5+ Ke7 47. Qxh7+ Qf7 48. Qe4+ Qe6 49. Qb7+ Qd7 50. Qe4+ Kf7 51.
h4 d5 52. Qh7+ Ke8 53. Qg6+ Kd8 54. Qg5+ Be7 55. Qg8+ Kc7 56. h5 Qf5 57. h6
Bc5+ 58. Kg2 Qf2+ 59. Kh3 Qf1+ 60. Kh2 Bg1+ 61. Kh1 Be3+ 62. Kh2 Qg1+ 63. Kh3
Qh1+ 64. Kg4 Bxh6 65. Qf7+ Kb6 66. Qe6+ Ka5 67. Qe2 Qe4+ 68. Qxe4 dxe4 0-1

[Event "XVI Weekend B"]
[Site "Ceriano Laghetto ITA"]
[Date "2007.03.31"]
[Round "2"]
[White "Revinelli, Sergio"]
[Black "Pepa, Syrja"]
[Result "1-0"]
[WhiteElo "1844"]
[BlackElo "1814"]
[PlyCount "77"]
[EventDate "2007.03.30"]

1. e4 e5 2. Nf3 Nc6 3. Bc4 Nd4 4. c3 Nxf3+ 5. Qxf3 Qf6 6. Qg3 Ne7 7. d3 Ng6 8.
Bg5 Qb6 9. b4 a5 10. Qf3 f6 11. Be3 c5 12. b5 d6 13. a4 Qc7 14. h4 h5 15. Qg3
Ne7 16. Nd2 Bd7 17. f4 O-O-O 18. f5 d5 19. Ba2 Kb8 20. Nb3 b6 21. O-O Bc8 22.
Qf2 Ng8 23. d4 exd4 24. cxd4 c4 25. Nd2 Bb7 26. exd5 Bxd5 27. Rac1 Nh6 28. Bxc4
Qb7 29. Bxd5 Rxd5 30. Bf4+ Bd6 31. Bxd6+ Rxd6 32. Qf4 Qd5 33. Ne4 Rhd8 34. Nxd6
Qxd6 35. Rc6 Qxf4 36. Rxb6+ Kc7 37. Rc6+ Kb7 38. Rxf4 Rd5 39. Rc5 1-0

[Event "XVI Weekend B"]
[Site "Ceriano Laghetto ITA"]
[Date "2007.03.31"]
[Round "2"]
[White "Ronconi, Fausto"]
[Black "Brighenti, Alessandro"]
[Result "1/2-1/2"]
[WhiteElo "1739"]
[BlackElo "1596"]
[PlyCount "78"]
[EventDate "2007.03.30"]

1. d4 Nf6 2. c4 g6 3. a3 Bg7 4. Nc3 d5 5. Nf3 O-O 6. Bg5 Ne4 7. Nxd5 Nxg5 8.
Nxg5 e6 9. Nxe6 fxe6 10. Nc3 Bxd4 11. e3 Qf6 12. Ne4 Qf5 13. Qxd4 Nc6 14. Qd3
Rd8 15. Qc2 Bd7 16. Bd3 Ne5 17. O-O-O Bc6 18. f3 Nxd3+ 19. Rxd3 Bxe4 20. fxe4
Qg5 21. Rxd8+ Rxd8 22. Qe2 Rd4 23. h4 Qh6 24. Rd1 Rxd1+ 25. Kxd1 Qxh4 26. Qf3
Kg7 27. Kc2 h5 28. Qf4 Qxf4 29. exf4 Kf6 30. Kd3 e5 31. g3 b6 32. b4 a5 33. Ke3
c6 34. Kf3 a4 35. c5 b5 36. Ke3 Ke6 37. Kf3 Kf6 38. Ke3 Ke6 39. Kf3 Kf6 1/2-1/2

[Event "XVI Weekend B"]
[Site "Ceriano Laghetto ITA"]
[Date "2007.03.31"]
[Round "2"]
[White "Savarese, Vincenzo"]
[Black "Bernasconi, Roberto"]
[Result "1-0"]
[WhiteElo "1866"]
[BlackElo "1935"]
[PlyCount "59"]
[EventDate "2007.03.30"]

1. e4 e5 2. Nf3 Nf6 3. Nxe5 d6 4. Nf3 Nxe4 5. d4 d5 6. Bd3 Be7 7. Nc3 f5 8. Ne5
O-O 9. Nxd5 Be6 10. Nxe7+ Qxe7 11. O-O c5 12. dxc5 Qxc5 13. Nf3 Nc6 14. Bf4
Rae8 15. Bxe4 fxe4 16. Bd6 Qh5 17. Bxf8 Rxf8 18. Nd4 Bg4 19. Qd2 Rd8 20. c3 Ne5
21. Qf4 Re8 22. h3 Bc8 23. Qxe4 Nc4 24. Qf3 Qg5 25. Rae1 Rf8 26. Qg3 Qf6 27.
Re2 h5 28. Nf3 Bf5 29. Rfe1 Rf7 30. Qh4 1-0

[Event "XVI Weekend B"]
[Site "Ceriano Laghetto ITA"]
[Date "2007.03.31"]
[Round "2"]
[White "Schingaro, Angelo"]
[Black "Rossi, Giampiero"]
[Result "1/2-1/2"]
[WhiteElo "1728"]
[BlackElo "1980"]
[PlyCount "69"]
[EventDate "2007.03.30"]

1. e4 c5 2. Nf3 e6 3. d4 cxd4 4. Nxd4 a6 5. Bd3 Nc6 6. Be3 Nf6 7. O-O Qc7 8.
Nc3 Ne5 9. h3 b5 10. f4 Nc4 11. Bxc4 Qxc4 12. Qd3 Bb7 13. b3 Qxd3 14. cxd3 Rc8
15. Nce2 Bc5 16. Rfc1 d6 17. Bf2 O-O 18. a4 b4 19. g4 Rfe8 20. Nf3 Bxf2+ 21.
Kxf2 Nd7 22. Ke3 Nc5 23. Nd2 d5 24. e5 Kf8 25. d4 Nd7 26. Rxc8 Rxc8 27. Rc1 a5
28. Nf3 Ke7 29. Rxc8 Bxc8 30. Nc1 Ba6 31. Nd3 Bxd3 32. Kxd3 h6 33. h4 g6 34. g5
h5 35. Ke3 1/2-1/2

[Event "XVI Weekend B"]
[Site "Ceriano Laghetto ITA"]
[Date "2007.03.31"]
[Round "2"]
[White "Tomasetto, Mauro"]
[Black "Palminteri, Vincenzo"]
[Result "1/2-1/2"]
[WhiteElo "1602"]
[BlackElo "1613"]
[PlyCount "86"]
[EventDate "2007.03.30"]

1. d4 d6 2. e4 Nf6 3. Nc3 g6 4. Bg5 Bg7 5. Qd2 c6 6. f3 Nbd7 7. Nge2 b5 8. g4
Bb7 9. Ng3 e5 10. O-O-O Qa5 11. Kb1 exd4 12. Qxd4 b4 13. Nb5 cxb5 14. Qxd6 Qb6
15. Qxb4 a6 16. Rd6 Qd8 17. Qd2 Qe7 18. Be2 Rd8 19. Rd1 Bc8 20. c4 bxc4 21.
Bxc4 O-O 22. Bb3 h6 23. Be3 Ne8 24. Rxg6 Kh7 25. Rxg7+ Nxg7 26. Bxh6 Ne5 27.
Qf4 Rxd1+ 28. Bxd1 Qd6 29. Bc2 Qxh6 30. Qxe5 Qd2 31. b3 Be6 32. Nf5 Bxf5 33.
exf5 Rc8 34. Qe4 Kg8 35. f6 Rxc2 36. Qxc2 Qe1+ 37. Qc1 Qxc1+ 38. Kxc1 Ne6 39.
Kd2 Kh7 40. Ke3 Kg6 41. h4 Kxf6 42. Ke4 a5 43. f4 Nc5+ 1/2-1/2

[Event "XVI Weekend B"]
[Site "Ceriano Laghetto ITA"]
[Date "2007.03.31"]
[Round "2"]
[White "Virzi, Ettore"]
[Black "Regorda, Massimiliano"]
[Result "1/2-1/2"]
[WhiteElo "1952"]
[BlackElo "1869"]
[PlyCount "60"]
[EventDate "2007.03.30"]

1. e4 e5 2. Nf3 Nc6 3. Bb5 g6 4. c3 Bg7 5. d4 d6 6. d5 a6 7. Qa4 Bg4 8. Bxc6+
bxc6 9. Qxc6+ Bd7 10. Qc4 Ne7 11. Qe2 O-O 12. c4 f5 13. Nfd2 c6 14. Nc3 cxd5
15. cxd5 fxe4 16. Ndxe4 Nf5 17. O-O Nd4 18. Qd1 Bf5 19. Bg5 Qd7 20. f3 Rf7 21.
Qa4 Ne2+ 22. Kh1 Nxc3 23. Qxd7 Rxd7 24. Nxc3 Rb8 25. b3 e4 26. Rac1 exf3 27.
gxf3 h6 28. Bh4 Re8 29. Rfe1 Rxe1+ 30. Bxe1 Rc7 1/2-1/2

[Event "XVI Weekend B"]
[Site "Ceriano Laghetto ITA"]
[Date "2007.03.31"]
[Round "3"]
[White "Albrizio, Mauro"]
[Black "Greco, Umberto"]
[Result "0-1"]
[WhiteElo "1736"]
[BlackElo "1623"]
[PlyCount "116"]
[EventDate "2007.03.30"]

1. e4 c5 2. c3 d6 3. d4 cxd4 4. cxd4 g6 5. Nf3 Bg7 6. Nc3 a6 7. Be2 Nf6 8. O-O
O-O 9. e5 dxe5 10. Nxe5 Be6 11. Bf3 Nd5 12. Re1 Nxc3 13. bxc3 Bd5 14. a4 e6 15.
Qe2 Bxf3 16. Qxf3 Qd5 17. Ba3 Qxf3 18. Nxf3 Rc8 19. Bb2 Nd7 20. a5 Nf6 21. h3
Nd5 22. Rac1 Bh6 23. Rc2 Nb4 24. Rce2 Nd5 25. Rb1 Rab8 26. Rc2 Nb4 27. Re2 Nd5
28. Ne5 Rc7 29. c4 Ne7 30. d5 exd5 31. c5 Rbc8 32. Ng4 Bg7 33. Nf6+ Bxf6 34.
Bxf6 Nc6 35. Rbe1 Kf8 36. Bg5 f5 37. Bf4 Rd7 38. Bd6+ Kf7 39. f4 Nxa5 40. Re7+
Rxe7 41. Rxe7+ Kg8 42. Be5 Rxc5 43. Rg7+ Kf8 44. Rxh7 Rc1+ 45. Kf2 Rc6 46. g4
fxg4 47. hxg4 b5 48. f5 gxf5 49. gxf5 Nc4 50. Rh8+ Kf7 51. Rh7+ Ke8 52. Rh8+
Kd7 53. Rh7+ Kc8 54. Bd4 Nd6 55. Rh8+ Kb7 56. f6 Ne4+ 57. Ke3 Nxf6 58. Bxf6
Rxf6 0-1

[Event "XVI Weekend B"]
[Site "Ceriano Laghetto ITA"]
[Date "2007.03.31"]
[Round "3"]
[White "Basilico, Davide"]
[Black "Libutti, Michele"]
[Result "0-1"]
[WhiteElo "1632"]
[BlackElo "1887"]
[PlyCount "60"]
[EventDate "2007.03.30"]

1. e4 c6 2. d4 d5 3. Nc3 dxe4 4. Nxe4 Bf5 5. Ng3 Bg6 6. Nf3 Nd7 7. Nh4 e6 8.
Nxg6 hxg6 9. Ne4 Ngf6 10. Nxf6+ Nxf6 11. c3 Bd6 12. Bd3 Qc7 13. g3 O-O-O 14.
O-O Rh3 15. f4 Rdh8 16. Rf2 Qa5 17. c4 Qh5 18. Qxh5 R3xh5 19. Bd2 Ng4 20. Be2
Nxf2 21. h4 Ne4 22. Bxh5 Rxh5 23. Be1 b6 24. b4 c5 25. dxc5 bxc5 26. b5 e5 27.
g4 Rh8 28. fxe5 Bxe5 29. Rd1 Bd4+ 30. Kg2 Nc3 0-1

[Event "XVI Weekend B"]
[Site "Ceriano Laghetto ITA"]
[Date "2007.03.31"]
[Round "3"]
[White "Bernasconi, Roberto"]
[Black "Tomasetto, Mauro"]
[Result "1/2-1/2"]
[WhiteElo "1935"]
[BlackElo "1602"]
[PlyCount "35"]
[EventDate "2007.03.30"]

1. e4 c5 2. Nf3 e6 3. d4 cxd4 4. Nxd4 Nc6 5. Nxc6 bxc6 6. Bd3 d5 7. O-O Qc7 8.
Nc3 Nf6 9. Re1 Be7 10. e5 Nd7 11. Qg4 g6 12. f4 a5 13. Be3 Ba6 14. Rac1 Nc5 15.
Bxa6 Rxa6 16. Qe2 Ra8 17. Qf2 Nd7 18. Na4 1/2-1/2

[Event "XVI Weekend B"]
[Site "Ceriano Laghetto ITA"]
[Date "2007.03.31"]
[Round "3"]
[White "Brighenti, Alessandro"]
[Black "Ragusa, Luigi"]
[Result "1-0"]
[WhiteElo "1596"]
[BlackElo "1780"]
[PlyCount "61"]
[EventDate "2007.03.30"]

1. e4 c5 2. Nc3 Nc6 3. g3 g6 4. Bg2 Bg7 5. d3 d6 6. f4 e6 7. Nf3 Nge7 8. O-O
O-O 9. Be3 Nd4 10. Bf2 Nxf3+ 11. Bxf3 Rb8 12. e5 dxe5 13. fxe5 b6 14. Qe2 Nf5
15. Nb5 Qd7 16. g4 Qxb5 17. gxf5 exf5 18. c3 Bb7 19. Bxb7 Rxb7 20. Bh4 Re8 21.
Qg2 Qd7 22. Bf6 Rbb8 23. Rad1 Qe6 24. Bxg7 Kxg7 25. d4 cxd4 26. cxd4 Rbd8 27.
b3 Rd5 28. Rf4 Red8 29. Rh4 Qd7 30. Qg5 Qe6 31. Qh6+ 1-0

[Event "XVI Weekend B"]
[Site "Ceriano Laghetto ITA"]
[Date "2007.03.31"]
[Round "3"]
[White "Cervini, Gian Piero"]
[Black "Palminteri, Vincenzo"]
[Result "1/2-1/2"]
[WhiteElo "1792"]
[BlackElo "1613"]
[PlyCount "171"]
[EventDate "2007.03.30"]

1. e4 Nf6 2. e5 Nd5 3. d4 d6 4. c4 Nb6 5. f4 dxe5 6. fxe5 Nc6 7. Nf3 Bg4 8. Be3
e6 9. Nc3 Be7 10. Be2 O-O 11. O-O a6 12. h3 Bh5 13. Ne4 Qd7 14. Ng3 Bxf3 15.
Rxf3 Rad8 16. Nh5 Nxd4 17. Rf4 c5 18. Bxd4 cxd4 19. Bd3 Qc7 20. Qg4 Qxe5 21.
Re4 Qg5 22. Qf3 Nd7 23. h4 Qh6 24. Rf1 Nf6 25. Nxf6+ Bxf6 26. Qh3 e5 27. Rf5
Rd6 28. g4 Qxh4 29. Qxh4 Bxh4 30. Rexe5 Rf6 31. Rd5 Rxf5 32. Bxf5 Rd8 33. Be4
Rxd5 34. Bxd5 b6 35. b4 Kf8 36. Kg2 Be7 37. a3 a5 38. bxa5 bxa5 39. a4 f6 40.
Be4 h6 41. Bg6 Bd6 42. Kf2 Ke7 43. Ke2 Ke6 44. Kf2 Bf4 45. Kf3 Be3 46. Ke4 Kd6
47. Kd3 Kc5 48. Bf7 Kb4 49. Be8 g6 50. Bxg6 Kxa4 51. Be8+ Kb4 52. Bd7 a4 53. c5
a3 54. c6 Bf4 55. Be6 Kc5 56. Ba2 Be5 57. Bb3 Kxc6 58. Kc4 Kb6 59. Kb4 d3 60.
Kxa3 Kc5 61. Ka2 Kb4 62. Bd1 Kc3 63. Kb1 Kd2 64. Bf3 Bf4 65. Kb2 Ke1 66. Kc3 d2
67. Kc2 Kf2 68. Bd1 Kg3 69. Be2 Kh4 70. Bf3 Kg5 71. Kd1 f5 72. gxf5 Kxf5 73.
Ke2 Kg5 74. Kf2 h5 75. Kg2 Kh4 76. Kh1 Bg3 77. Be2 Kg5 78. Bf3 h4 79. Be2 Kf4
80. Bh5 Ke3 81. Bg4 Kf2 82. Bh5 Ke1 83. Bg4 d1=Q 84. Bxd1 Kxd1 85. Kg2 Ke1 86.
Kh1 1/2-1/2

[Event "XVI Weekend B"]
[Site "Ceriano Laghetto ITA"]
[Date "2007.03.31"]
[Round "3"]
[White "Colombo, Sandro"]
[Black "Cardani, Roberto"]
[Result "1/2-1/2"]
[WhiteElo "1854"]
[BlackElo "1887"]
[PlyCount "73"]
[EventDate "2007.03.30"]

1. c4 Nf6 2. Nc3 e5 3. Nf3 Nc6 4. e3 Bb4 5. Qc2 Bxc3 6. Qxc3 e4 7. Ne5 d6 8.
Nxc6 bxc6 9. b3 O-O 10. Bb2 Ne8 11. g4 f5 12. gxf5 Bxf5 13. Rg1 Bg6 14. d3 Qh4
15. Rg2 Rd8 16. dxe4 Qxe4 17. Rg3 Rd7 18. Bg2 Qf5 19. Rf3 Qc5 20. Rxf8+ Kxf8
21. b4 Qb6 22. c5 Qa6 23. cxd6 Nxd6 24. Bxc6 Ne4 25. Bxe4 Bxe4 26. Qc5+ Ke8 27.
Bd4 Bf3 28. Qc2 Qe6 29. Qxh7 Qc4 30. Qh8+ Ke7 31. Qxg7+ Ke8 32. Qg6+ Rf7 33.
Qg8+ Kd7 34. Kd2 Be4 35. Qg4+ Bf5 36. Qe2 Qxb4+ 37. Bc3 1/2-1/2

[Event "XVI Weekend B"]
[Site "Ceriano Laghetto ITA"]
[Date "2007.03.31"]
[Round "3"]
[White "Ferraris, Fulvio"]
[Black "Ronconi, Fausto"]
[Result "1/2-1/2"]
[WhiteElo "1712"]
[BlackElo "1739"]
[PlyCount "71"]
[EventDate "2007.03.30"]

1. d4 Nf6 2. c4 e5 3. dxe5 Ng4 4. Nf3 Nc6 5. a3 Ngxe5 6. Nxe5 Nxe5 7. Qc2 Bc5
8. Bf4 Qe7 9. e3 d6 10. b4 Bd4 11. Nc3 c6 12. Rd1 Bb6 13. Bxe5 Qxe5 14. Bd3 Be6
15. O-O Bc7 16. g3 h5 17. Qc1 g5 18. f4 gxf4 19. Rxf4 Qg7 20. Ne4 O-O-O 21. Rh4
d5 22. cxd5 Bxd5 23. Qc3 Be5 24. Qe1 Bxe4 25. Rxe4 h4 26. g4 f5 27. Rc4 Rdf8
28. Be2 Kc7 29. h3 Bg3 30. Qc3 Qxc3 31. Rxc3 fxg4 32. Bxg4 Rh7 33. e4 Re7 34.
Bf5 Rg8 35. Rcd3 Rgg7 36. Kh1 1/2-1/2

[Event "XVI Weekend B"]
[Site "Ceriano Laghetto ITA"]
[Date "2007.03.31"]
[Round "3"]
[White "Marcangeli, Alessandro"]
[Black "Nardone, Massimo"]
[Result "1/2-1/2"]
[WhiteElo "1706"]
[BlackElo "1914"]
[PlyCount "135"]
[EventDate "2007.03.30"]

1. d4 d5 2. Nf3 Nf6 3. Bf4 Bf5 4. e3 e6 5. Bd3 Bxd3 6. Qxd3 c5 7. c3 Nbd7 8.
Nbd2 c4 9. Qc2 Be7 10. h3 O-O 11. e4 Nb6 12. O-O Nxe4 13. Nxe4 dxe4 14. Qxe4
Qd5 15. Rfe1 Qxe4 16. Rxe4 Nd5 17. Bh2 Rfd8 18. Rae1 Rac8 19. Ne5 Bd6 20. f4
Bxe5 21. Rxe5 Ne7 22. g4 g6 23. Bg3 Rd5 24. Kf2 Rc6 25. Bh4 Rxe5 26. fxe5 Nd5
27. Kf3 Ra6 28. a3 Rb6 29. Re2 Rb3 30. Bd8 h6 31. h4 Kf8 32. g5 h5 33. Ke4 Ke8
34. Ba5 Rb5 35. Bb4 Nb6 36. Bc5 Nc8 37. Rd2 b6 38. Bb4 Rd5 39. a4 a6 40. b3
cxb3 41. Rb2 b5 42. a5 Ne7 43. Bxe7 Kxe7 44. Rxb3 Kd7 45. Kd3 Kc6 46. Rb2 Kc7
47. Rf2 Rd7 48. c4 bxc4+ 49. Kxc4 Kb7 50. Rb2+ Ka7 51. Rb6 Rd5 52. Rd6 Rxa5 53.
Rd7+ Kb6 54. Rxf7 Ra4+ 55. Kd3 Ra3+ 56. Kc4 Ra4+ 57. Kc3 Ra3+ 58. Kb4 Rd3 59.
Rd7 Rh3 60. Rd6+ Kb7 61. Rxe6 Rxh4 62. Kc5 a5 63. Kb5 Rxd4 64. Kxa5 h4 65. Kb5
h3 66. Rxg6 Rd5+ 67. Kc4 Rxe5 68. Rh6 1/2-1/2

[Event "XVI Weekend B"]
[Site "Ceriano Laghetto ITA"]
[Date "2007.03.31"]
[Round "3"]
[White "Pepa, Syrja"]
[Black "Schingaro, Angelo"]
[Result "1-0"]
[WhiteElo "1814"]
[BlackElo "1728"]
[PlyCount "76"]
[EventDate "2007.03.30"]

1. d4 Nf6 2. c4 g6 3. Nc3 d6 4. Nf3 Bg7 5. e3 Nbd7 6. Be2 O-O 7. O-O c5 8. Qc2
a6 9. b3 Qc7 10. Bb2 b6 11. Rad1 Bb7 12. d5 e5 13. dxe6 fxe6 14. Ng5 Rfe8 15.
h4 Nf8 16. Rd2 Rad8 17. Rfd1 d5 18. Nh3 Bh6 19. Ng5 Bg7 20. Bf3 h6 21. Nh3 d4
22. exd4 Bxf3 23. gxf3 cxd4 24. Rxd4 Nd5 25. Nxd5 exd5 26. R4d2 Bxb2 27. Qxb2
dxc4 28. Qc3 Rxd2 29. Rxd2 Rd8 30. Rxd8 Qxd8 31. Qxc4+ Kg7 32. Kg2 b5 33. Qe4
Qd6 34. Nf4 Qf6 35. Nd5 Qe6 36. Nc7 Qb6 37. Qe5+ Kg8 38. Ne8 Qe6 1-0

[Event "XVI Weekend B"]
[Site "Ceriano Laghetto ITA"]
[Date "2007.03.31"]
[Round "3"]
[White "Regorda, Massimiliano"]
[Black "Revinelli, Sergio"]
[Result "1-0"]
[WhiteElo "1869"]
[BlackElo "1844"]
[PlyCount "65"]
[EventDate "2007.03.30"]

1. e4 e5 2. Nf3 Nc6 3. Bb5 f5 4. d3 fxe4 5. dxe4 Nf6 6. Nc3 Bc5 7. Bg5 O-O 8.
O-O d6 9. Nd5 Bg4 10. Nxf6+ gxf6 11. Bh6 Re8 12. Bc4+ Kh8 13. Ng5 fxg5 14. Qxg4
Qf6 15. Bxg5 Qg6 16. Qf5 Qxf5 17. exf5 Rf8 18. f6 h6 19. Bxh6 Rxf6 20. Be3 Bxe3
21. fxe3 Rg6 22. Rf7 Rg7 23. Raf1 Rag8 24. Rxg7 Rxg7 25. Rf8+ Kh7 26. Bd3+ Kh6
27. Be4 Ne7 28. Bxb7 c6 29. Rf6+ Kg5 30. Rf3 Rh7 31. e4 Rh4 32. Rf7 Ng6 33.
Bxc6 1-0

[Event "XVI Weekend B"]
[Site "Ceriano Laghetto ITA"]
[Date "2007.03.31"]
[Round "3"]
[White "Regorda, Vittorio"]
[Black "Virzi, Ettore"]
[Result "1/2-1/2"]
[WhiteElo "1891"]
[BlackElo "1952"]
[PlyCount "40"]
[EventDate "2007.03.30"]

1. c4 e6 2. Nc3 d5 3. e3 Nf6 4. Nf3 Nbd7 5. b3 c6 6. Be2 Bd6 7. d4 O-O 8. O-O
b6 9. Ne1 Bb7 10. f3 e5 11. Nc2 exd4 12. exd4 Qc7 13. f4 Ne4 14. Nxe4 dxe4 15.
Be3 Rad8 16. Qe1 f5 17. a3 Nf6 18. Qh4 Bc8 19. Rad1 Rf7 20. Qf2 Bf8 1/2-1/2

[Event "XVI Weekend B"]
[Site "Ceriano Laghetto ITA"]
[Date "2007.03.31"]
[Round "3"]
[White "Rossi, Giampiero"]
[Black "Primerano, Carlo"]
[Result "1/2-1/2"]
[WhiteElo "1980"]
[BlackElo "1776"]
[PlyCount "80"]
[EventDate "2007.03.30"]

1. d4 Nf6 2. c4 e6 3. Nc3 Bb4 4. Qc2 O-O 5. a3 Bxc3+ 6. Qxc3 b6 7. Bg5 Bb7 8.
f3 h6 9. Bh4 c5 10. dxc5 bxc5 11. e3 d6 12. Nh3 Nbd7 13. Be2 d5 14. cxd5 Nxd5
15. Bxd8 Nxc3 16. bxc3 Rfxd8 17. Kf2 Nf6 18. Rab1 Bc6 19. Rb2 Rab8 20. Rhb1
Rxb2 21. Rxb2 Kf8 22. c4 Ke7 23. Nf4 Nd7 24. Nd3 f6 25. f4 Be4 26. Ne1 Rb8 27.
Rxb8 Nxb8 28. Nf3 Nc6 29. Nd2 Bc2 30. Kf3 Na5 31. g3 Nb3 32. Nxb3 Bxb3 33. e4
e5 34. fxe5 fxe5 35. Ke3 Ba4 36. Kd3 Kd6 37. Kc3 g5 38. Bh5 Bd7 39. Kd3 Ke6 40.
Bg4+ Ke7 1/2-1/2

[Event "XVI Weekend B"]
[Site "Ceriano Laghetto ITA"]
[Date "2007.03.31"]
[Round "3"]
[White "Savarese, Vincenzo"]
[Black "Milanesi, Erminio"]
[Result "1/2-1/2"]
[WhiteElo "1866"]
[BlackElo "1878"]
[PlyCount "51"]
[EventDate "2007.03.30"]

1. e4 g6 2. d4 Nh6 3. Nf3 f6 4. Bd3 Nf7 5. Bf4 Bg7 6. Nc3 c6 7. e5 O-O 8. O-O
d5 9. exd6 exd6 10. Ne4 d5 11. Ng3 Na6 12. Re1 Nb4 13. Bf1 a5 14. c3 Na6 15.
Qe2 Nc7 16. Qe7 Qxe7 17. Rxe7 Ne6 18. Bd2 Nfd8 19. Re1 Rf7 20. Rxf7 Kxf7 21. c4
b6 22. Bd3 h6 23. Ne2 Bb7 24. cxd5 cxd5 25. Nc3 Bc6 26. Rc1 1/2-1/2

[Event "XVI Weekend B"]
[Site "Ceriano Laghetto ITA"]
[Date "2007.03.31"]
[Round "3"]
[White "Viale, Fabio"]
[Black "Bianchi, Massimiliano"]
[Result "1-0"]
[WhiteElo "1703"]
[BlackElo "1671"]
[PlyCount "52"]
[EventDate "2007.03.30"]

1. d4 e6 2. c4 Nf6 3. Nc3 c6 4. Nf3 d5 5. Qb3 Nbd7 6. g3 b6 7. cxd5 Nxd5 8. e4
Nxc3 9. bxc3 Be7 10. Bg2 Bb7 11. O-O Nf6 12. Ne5 O-O 13. Nd3 c5 14. e5 Bxg2 15.
exf6 Bxf6 16. Kxg2 cxd4 17. Ba3 Be7 18. Bxe7 Qxe7 19. cxd4 Rad8 20. Ne5 Rd5 21.
Rac1 h5 22. Rc2 Qb7 23. Qf3 Qa6 24. Rc7 Qxa2 25. Rxf7 Rxd4 26. Rxf8+ Kh7 1-0

[Event "XVI Weekend B"]
[Site "Ceriano Laghetto ITA"]
[Date "2007.04.01"]
[Round "4"]
[White "Bianchi, Massimiliano"]
[Black "Albrizio, Mauro"]
[Result "1-0"]
[WhiteElo "1671"]
[BlackElo "1736"]
[PlyCount "47"]
[EventDate "2007.03.30"]

1. e4 e6 2. d4 d5 3. exd5 exd5 4. c4 Nf6 5. Nc3 c6 6. Bd3 Bd6 7. Nge2 O-O 8.
Bg5 dxc4 9. Bxc4 Re8 10. h3 h6 11. Be3 Bf5 12. O-O Nbd7 13. Bf4 Bxf4 14. Nxf4
Qc7 15. Nfe2 Nb6 16. Bb3 Rad8 17. Qd2 Nbd5 18. Rfe1 Qd7 19. Nf4 Ne4 20. Nxe4
Bxe4 21. f3 Nxf4 22. Qxf4 Qxd4+ 23. Kh1 Bg6 24. Rxe8+ 1-0

[Event "XVI Weekend B"]
[Site "Ceriano Laghetto ITA"]
[Date "2007.04.01"]
[Round "4"]
[White "Cardani, Roberto"]
[Black "Savarese, Vincenzo"]
[Result "1-0"]
[WhiteElo "1887"]
[BlackElo "1866"]
[PlyCount "51"]
[EventDate "2007.03.30"]

1. e4 e6 2. d4 d5 3. Nc3 Nf6 4. Bg5 dxe4 5. Nxe4 Be7 6. Bxf6 Bxf6 7. Nf3 Nd7 8.
c3 Be7 9. Bd3 c5 10. O-O O-O 11. dxc5 Nxc5 12. Nxc5 Bxc5 13. Qe2 Qf6 14. Rad1
Rb8 15. b4 Bb6 16. c4 Rd8 17. Ne5 Bd4 18. Bxh7+ Kf8 19. Ng4 Qh4 20. Bc2 e5 21.
h3 Be6 22. Bb3 Rbc8 23. Nxe5 Bxe5 24. Qxe5 Bxc4 25. Rxd8+ Rxd8 26. Qc5+ 1-0

[Event "XVI Weekend B"]
[Site "Ceriano Laghetto ITA"]
[Date "2007.04.01"]
[Round "4"]
[White "Greco, Umberto"]
[Black "Bernasconi, Roberto"]
[Result "1/2-1/2"]
[WhiteElo "1623"]
[BlackElo "1935"]
[PlyCount "34"]
[EventDate "2007.03.30"]

1. Nf3 d5 2. d4 Nf6 3. c4 dxc4 4. Qa4+ c6 5. Qxc4 Bf5 6. Nc3 e6 7. Bf4 Nbd7 8.
e3 Be7 9. Qb3 Qb6 10. Qxb6 Nxb6 11. a3 O-O 12. Be2 Rac8 13. Nh4 Bg4 14. Bxg4
Nxg4 15. Nf3 Rfd8 16. Ke2 Nd5 17. Nxd5 cxd5 1/2-1/2